书目信息 |
| 题名: |
全国漫画选
|
|
| 作者: | ;上海人民美术出版社 编辑 | |
| 分册: | ||
| 出版信息: | 上海 上海人民美术出版社 1982 |
|
| 页数: | 106页 | |
| 开本: | 19cm | |
| 丛书名: | ||
| 单 册: | ||
| 中图分类: | J228.2 | |
| 科图分类: | ||
| 主题词: | 漫画--中国--现代--画册 | |
| 电子资源: | ||
| ISBN: | ||
| 000 | 00687nam0 2200241 45 | |
| 001 | 0182007920 | |
| 005 | 20040518081956.7 | |
| 010 | @dCNY1.50 | |
| 091 | @a8081.13063 | |
| 100 | @a19950629d1982 em y0chiy0121 ea | |
| 101 | 0 | @achi |
| 102 | @aCN@b310000 | |
| 105 | @aa z 000yy | |
| 106 | @ar | |
| 200 | 10 | @a全国漫画选@Aquan guo man hua xuan@f上海人民美术出版社编辑 |
| 210 | @a上海@c上海人民美术出版社@d1982 | |
| 215 | @a106页@d19cm | |
| 606 | @a漫画@y中国@z现代@x画册 | |
| 690 | @aJ228.2@v3 | |
| 711 | 02 | @a上海人民美术出版社@Ashang hai ren min mei shu chu ban she@4编辑 |
| 801 | 0 | @aCN@b上海图书馆@c20040518 |
| 801 | 2 | @aCN@bNLC@c20040518 |
| 905 | @f2@b208688-689@dJ228.2@e1 | |
| 全国漫画选/上海人民美术出版社编辑.-上海:上海人民美术出版社,1982 |
| 106页;19cm |
| ISBN :CNY1.50 |
| ● |
| 相关链接 |
|
|
|
|
正题名:全国漫画选
索取号:J228.2/1
 
预约/预借
| 序号 | 登录号 | 条形码 | 馆藏地/架位号 | 状态 | 备注 |
| 1 | 0208688 | 000795483 | 第一样本阅览室/ [索取号:J228.2/1] | 在馆 | |
| 2 | 0208689 | 000795447 | 第一借阅区/ [索取号:J228.2/1] | 在馆 |